Statistics for Guess the lyrics (#91)

Click here to take the quiz!

General Stats

  • This quiz has been taken 59 times
  • The average score is 85 of 176

Answer Stats

Answer% Correct
a
98%
The
94%
You
94%
you
94%
you?
94%
me
89%
it
83%
It
83%
in
81%
What
81%
when
81%
Go
78%
no
78%
to
78%
your
78%
are
69%
on
69%
that
69%
for
67%
don't
63%
Don't
63%
know
63%
you're
63%
it's
61%
I'm
59%
of
59%
By
56%
too
52%
all
50%
from
50%
but
48%
see
46%
think
46%
with
44%
now,
43%
did
41%
down,
41%
head
41%
look
41%
Time
39%
up
37%
way
37%
got
35%
good
33%
more
31%
much
31%
Won't
30%
right
28%
make
26%
any
24%
mind
24%
only
24%
put
24%
something
24%
you've
24%
what's
22%
You'd
22%
yourself
22%
around
20%
girl,
20%
listen
19%
telling
19%
again,
17%
again
17%
bed
17%
wrong?
17%
hard
15%
better
13%
onto
13%
hands
11%
Little
11%
move
11%
Move
11%
Try
11%
brings
9%
met
9%
nobody
9%
else
7%
knees
7%
sees
7%
door
6%
fair
6%
messed
6%
Miss
6%
turn
6%
business
4%
Clever
4%
design
4%
different
4%
Genius
4%
monster
4%
Shut
4%

Score Distribution

Percentile by Number Answered

Percent of People with Each Score

Your Score History

You have not taken this quiz